| 000 | 00646nam a2200253Ia 4500 | ||
|---|---|---|---|
| 005 | 20250425162636.0 | ||
| 008 | 250425s9999 xx 000 0 und d | ||
| 020 | _a9684512783 | ||
| 041 | _aspa | ||
| 043 | _amx | ||
| 082 | _a001.42 | ||
| 100 | _aTORRE VILLAR, ERNESTO DE LA | ||
| 245 | 0 | _aMETODOLOGIA DE LA INVESTIGACION BIBLIOGRAFICA ARCHIVISTICA Y DOCUMENTAL | |
| 250 | _a1 ED | ||
| 260 |
_aMéxico _bMCGRAW-HILL _c1988 |
||
| 300 | _a298 | ||
| 650 | _aINVESTIGACIONES | ||
| 650 | _aINVESTIGACIONES | ||
| 650 | _aMETODOLOGIA | ||
| 650 | _aMETODOLOGIA | ||
| 710 | _aINTERAMERICANA DE MEXICO | ||
| 942 | _c01 | ||
| 010 | _a92964 | ||
| 999 |
_c233450 _d233450 |
||